00350nam a2200133Ia 4500008004100000041000800041082001600049100001800065245004500083260004100128300003200169365000900201440000600210240624s9999 xx 000 0 und d aeng a174.403 KOL aKOLB ROBERT W aENCYCLOPEDIA OF BUSINESS ETHICS AND SOCI c2008aLos AngelesbSage Publications alxix, : 541 : p. : cm. ; 28 cb25 v3